| 000 | 00349nam a2200145Ia 4500 | ||
|---|---|---|---|
| 008 | 230711s9999||||xx |||||||||||||| ||und|| | ||
| 041 | _aENG | ||
| 082 |
_a720 _bLE-A |
||
| 100 | _aLeigh,Ali | ||
| 245 | 0 | _aSystem Architecture software and hardware | |
| 250 | _a1ST Ed. | ||
| 260 |
_c1988 _aNew York _bSpon Press |
||
| 650 | _aArchitecture | ||
| 942 | _cBK | ||
| 999 |
_c480 _d480 |
||